00290nam a2200109Ia 4500008004100000082001000041100002900051245003000080260001000110630003000120730003000150100328s9999 xx 000 0 und d b16188 aMax Euwe & Walter Meiden aThe Road to Chess Mastery bVikas aThe Road to Chess Mastery aThe Road to Chess Mastery